000 00623cam a2200217 4500
008 090401t1988 xxu||||| |||| 00| 0 eng d
020 _a0860222128
035 _a(Sirsi) u56094
041 _aeng
050 _a697.93
100 _aPotter, I.N.
245 4 _aThe sick building syndrome :symptoms, risk factors and practical design guidance
260 _aBracknell,Berks
_bBuilding Services Research and Informati
_c1988
300 _a61p. ; 30cm.
350 _a40
490 _aBS
_v4/88 RIA Technical Note
650 _aBIBLIOGRAPHIES
650 _aSICK BUILDINGS SYNDROME
942 _n0
948 _c04/03/1997
999 _c93718
_d93718